Which Timezone? USA Edition - Statistics

General Stats
  • This quiz has been taken 21 times
  • The average score is 15 of 20
Answer Stats
Hint Answer % Correct
Atlanta Eastern
94%
San Francisco Pacific
94%
Seattle Pacific
94%
Los Angeles Pacific
94%
St. Louis Central
88%
Salt Lake City Mountain
88%
Portland, Oregon Pacific
88%
Dallas Central
81%
Washington, D.C. Eastern
81%
Albuquerque Mountain
81%
Minneapolis Central
75%
New Orleans Central
75%
Richmond Eastern
75%
Denver Mountain
75%
Las Vegas Pacific
63%
Memphis Central
56%
Phoenix Mountain
56%
El Paso Mountain
56%
Detroit Eastern
44%
Indianapolis Eastern
31%
No matching quizzes found
Score Distribution
Percent of People with Each Score
Percentile by Number Answered
Your Score History
You have not taken this quiz